| 000 | 00946nam a22002417a 4500 | ||
|---|---|---|---|
| 005 | 20240530110918.0 | ||
| 008 | 220518s2006 ua g b 001 0 ara d | ||
| 017 |
_a2006/23055 _bمصر. دار الكتب |
||
| 020 | _a9774371062 | ||
| 040 |
_aEG-CaGPL _cEG-CaGPL |
||
| 082 | 0 | 4 |
_221 _a301/ _bس إ |
| 100 | 0 | _aسامية حسن الساعاتى | |
| 245 | 1 | 0 |
_aابن خلدون مبدعا : _bقراءة جديدة لفكرة ومنهجية فى علم الاجتماع / _cسامية حسن الساعاتى |
| 250 | _aط.1 | ||
| 260 |
_aالقاهرة : _bالمجلس الاعلى للثقافة، _c2006. |
||
| 300 |
_a215 ص. ؛ _c24 سم. |
||
| 504 | _aيشتمل على ارجاعات ببليوجرافية | ||
| 600 | 1 | _2ابن خلدون، عبدالرحمن بن محمد بن محمد | |
| 650 | 0 | 7 |
_2qrmak _aالاجتماع، علم |
| 651 | _2qrmak | ||
| 942 |
_2ddc _cBK |
||
| 999 |
_c66437 _d66437 |
||